[Event "Kavala op 32nd"]
[Site "Kavala"]
[Date "2023.07.30"]
[Round "4"]
[White "Subelj, Jan"]
[Black "De Strycker, Nathan"]
[Result "1-0"]
[WhiteElo "2508"]
[BlackElo "2292"]
[PlyCount "75"]
[EventDate "2023.07.28"]
[EventType "swiss"]
[EventRounds "9"]
[EventCountry "GRE"]
[SourceTitle "CBM 215 Extra"]
[Source "ChessBase"]
[SourceDate "2023.09.30"]
[SourceVersion "1"]
[SourceVersionDate "2023.09.30"]
[SourceQuality "1"]

1. e4 e5 2. Nf3 Nc6 3. Bb5 a6 4. Bxc6 dxc6 5. 0-0 f6 6. d4 exd4 7. Nxd4 c5 8. Nb3 Qd4 9. Qd3 Qxd3 10. Re1 Qd1 11. Rxd1 Bd6 12. Na5 b6 13. Nc4 Be7 14. Bf4 Be6 15. Ne3 Rc8 16. Nc3 g5 17. Bg3 h5 18. Ncd5 Bd8 19. h4 Nh6 20. e5 fxe5 21. Bxe5 Rh7 22. Bf6 c6 23. Bxd8 cxd5 24. Bxg5 d4 25. Nf1 Nf5 26. Re1 Rc6 27. Nd2 Kf8 28. Re5 Rf7 29. Rae1 Bd7 30. Nc4 b5 31. Na5 Rc7 32. Bd8 Rc8 33. Bb6 c4 34. Rd1 d3 35. cxd3 Rg7 36. dxc4 Nxh4 37. Rxh5 Nxg2 38. Rxd7 1-0

[Event "BEL-chT 2223"]
[Site "Belgium"]
[Date "2023.03.19"]
[Round "9.3"]
[White "De Strycker, Nathan"]
[Black "Leenhouts, Koen"]
[Result "1/2-1/2"]
[WhiteElo "2281"]
[BlackElo "2435"]
[PlyCount "47"]
[EventDate "2022.09.25"]
[EventType "team-tourn"]
[EventRounds "11"]
[EventCountry "BEL"]
[SourceTitle "CBM 213 Extra"]
[Source "ChessBase"]
[SourceDate "2023.05.31"]
[SourceVersion "1"]
[SourceVersionDate "2023.05.31"]
[SourceQuality "1"]
[WhiteTeam "Mechelen"]
[BlackTeam "KBSK Brugge"]
[WhiteTeamCountry "BEL"]
[BlackTeamCountry "BEL"]

1. d4 d5 2. c4 e6 3. cxd5 exd5 4. Nc3 c5 5. Nf3 Nf6 6. g3 Nc6 7. Bg2 Be7 8. 0-0 0-0 9. Bg5 c4 10. b3 Qa5 11. Bd2 Bb4 12. Qc2 Re8 13. a3 Bxc3 14. Bxc3 Bf5 15. Qxf5 Qxc3 16. bxc4 Rxe2 17. cxd5 Ne7 18. Qb1 Rb2 19. Qe1 Nexd5 20. Rb1 Rb6 21. a4 Re8 22. Qxc3 Nxc3 23. Rxb6 axb6 24. Ne5 1/2-1/2

[Event "BEL-chT 2223"]
[Site "Belgium"]
[Date "2023.01.29"]
[Round "6.5"]
[White "De Strycker, Nathan"]
[Black "Milliet, Sophie"]
[Result "0-1"]
[WhiteElo "2281"]
[BlackElo "2382"]
[PlyCount "66"]
[EventDate "2022.09.25"]
[EventType "team-tourn"]
[EventRounds "11"]
[EventCountry "BEL"]
[SourceTitle "CBM 213 Extra"]
[Source "ChessBase"]
[SourceDate "2023.05.31"]
[SourceVersion "1"]
[SourceVersionDate "2023.05.31"]
[SourceQuality "1"]
[WhiteTeam "Mechelen"]
[BlackTeam "Wachtebeke"]
[WhiteTeamCountry "BEL"]
[BlackTeamCountry "BEL"]

1. d4 Nf6 2. c4 e6 3. Nf3 d5 4. Nc3 c6 5. e3 Nbd7 6. Bd3 dxc4 7. Bxc4 b5 8. Bd3 Bd6 9. Qc2 0-0 10. Ne4 Nxe4 11. Bxe4 Nf6 12. Bxc6 Qc7 13. Kd1 Rb8 14. Bd2 e5 15. h3 Be6 16. Be4 Nxe4 17. Qxe4 f5 18. Qc2 Bc4 19. Rc1 e4 20. b3 exf3 21. bxc4 fxg2 22. Rg1 Ba3 23. Rb1 Qh2 24. Ke2 bxc4 25. Qxc4+ Kh8 26. Rbd1 f4 27. exf4 Rbe8+ 28. Kd3 Qxh3+ 29. Be3 Rxf4 30. Qb5 Ref8 31. Qg5 Rxf2 32. Rd2 h6 33. Rxf2 hxg5 0-1

[Event "BEL-chT 2223"]
[Site "Belgium"]
[Date "2022.12.04"]
[Round "5.6"]
[White "De Hert, Oliver"]
[Black "De Strycker, Nathan"]
[Result "1/2-1/2"]
[WhiteElo "1934"]
[BlackElo "2281"]
[PlyCount "98"]
[EventDate "2022.09.25"]
[EventType "team-tourn"]
[EventRounds "11"]
[EventCountry "BEL"]
[SourceTitle "CBM 213 Extra"]
[Source "ChessBase"]
[SourceDate "2023.05.31"]
[SourceVersion "1"]
[SourceVersionDate "2023.05.31"]
[SourceQuality "1"]
[WhiteTeam "Brasschaat"]
[BlackTeam "Mechelen"]
[WhiteTeamCountry "BEL"]
[BlackTeamCountry "BEL"]

1. d4 d5 2. c4 e6 3. Nc3 a6 4. cxd5 exd5 5. Bf4 Nf6 6. e3 c5 7. dxc5 Bxc5 8. Nf3 Nc6 9. Be2 0-0 10. 0-0 Be6 11. Rc1 d4 12. exd4 Nxd4 13. Nxd4 Bxd4 14. Bf3 Bxc3 15. Qxd8 Raxd8 16. Rxc3 Nd5 17. Bxd5 Bxd5 18. a3 Bc6 19. Re1 Rfe8 20. Rxe8+ Rxe8 21. Re3 Rd8 22. Re1 f6 23. f3 Kf7 24. Kf2 g5 25. Be3 h5 26. h4 gxh4 27. Rh1 Kg6 28. Rxh4 Rd5 29. g4 hxg4 30. Rxg4+ Kf7 31. Rd4 Rh5 32. Rd2 Rh1 33. Kg2 Rh5 34. Bd4 Rf5 35. Rd3 Rd5 36. Rd2 Kg6 37. Bc3 Rg5+ 38. Kf2 Rh5 39. Rd6 Rf5 40. Rd3 Be4 41. Re3 Bd5 42. Bd2 Rh5 43. Rd3 Bc6 44. Bc3 Kf7 45. Rd6 Rf5 46. Rd3 Ke6 47. Re3+ Kf7 48. Rd3 Ke6 49. Re3+ Kf7 1/2-1/2

[Event "BEL-chT 2223"]
[Site "Belgium"]
[Date "2022.10.16"]
[Round "2.2"]
[White "Berczes, David"]
[Black "De Strycker, Nathan"]
[Result "1-0"]
[WhiteElo "2438"]
[BlackElo "2281"]
[PlyCount "89"]
[EventDate "2022.09.25"]
[EventType "team-tourn"]
[EventRounds "11"]
[EventCountry "BEL"]
[SourceTitle "EXT 2024"]
[Source "ChessBase"]
[SourceDate "2023.10.10"]
[SourceVersion "1"]
[SourceVersionDate "2023.10.10"]
[SourceQuality "1"]
[WhiteTeam "Eupen Rochade"]
[BlackTeam "Mechelen"]
[WhiteTeamCountry "BEL"]
[BlackTeamCountry "BEL"]

1. d4 Nf6 2. Nf3 e6 3. c4 b6 4. g3 Ba6 5. Nbd2 d5 6. Bg2 Be7 7. 0-0 0-0 8. Ne5 c6 9. b3 Nfd7 10. Nd3 Nf6 11. Bb2 Nbd7 12. e4 dxe4 13. Nxe4 Rc8 14. Qc2 Nxe4 15. Bxe4 Nf6 16. Bg2 Qc7 17. Rfe1 Bb7 18. c5 Nd5 19. a3 Bf6 20. Ne5 g6 21. h4 Rfd8 22. Rad1 Qe7 23. b4 Ba6 24. Bc1 Bb5 25. Qb3 Qc7 26. Bg5 Qe7 27. a4 Ba6 28. b5 Bxg5 29. hxg5 Bb7 30. bxc6 Rxc6 31. Bxd5 Rxd5 32. Qxd5 exd5 33. Nxc6 Qd7 34. Ne5 Qxa4 35. c6 Bc8 36. Ra1 Qxd4 37. Nd7 h6 38. Rxa7 hxg5 39. Ra8 Qc3 40. Re8+ Kg7 41. Raxc8 g4 42. c7 d4 43. Rh8 Qc1+ 44. Kh2 Qf1 45. Rcg8# 1-0

[Event "Eupen"]
[Site "Eupen"]
[Date "2018.08.23"]
[Round "6"]
[White "Marcziter, Dmitrii"]
[Black "De Strycker, Nathan"]
[Result "1/2-1/2"]
[WhiteElo "2255"]
[BlackElo "2251"]
[PlyCount "113"]
[EventDate "2018.08.18"]
[EventType "tourn"]
[EventRounds "9"]
[EventCountry "BEL"]
[EventCategory "4"]
[SourceTitle "CBM 186 Extra"]
[Source "ChessBase"]
[SourceDate "2018.08.24"]
[SourceVersion "1"]
[SourceVersionDate "2018.08.24"]
[SourceQuality "1"]

1. d4 Nf6 2. Nf3 g6 3. c4 Bg7 4. g3 0-0 5. Bg2 d6 6. Nc3 Nbd7 7. 0-0 e5 8. Qc2 Re8 9. Rd1 exd4 10. Nxd4 a5 11. b3 Nc5 12. Bb2 h5 13. a3 h4 14. b4 axb4 15. axb4 Rxa1 16. Bxa1 Na6 17. Qb3 hxg3 18. hxg3 Ng4 19. Nd5 c5 20. Nb5 Bxa1 21. Rxa1 Rxe2 22. Bf3 Re5 23. Rd1 Nf6 24. Nf4 Ne8 25. Qc3 Qf6 26. Nd5 Qg7 27. Nb6 cxb4 28. Qd2 Bf5 29. Nxd6 Nxd6 30. Qxd6 b3 31. Na4 Bc2 32. Rd4 Re1+ 33. Kg2 Qe5 34. Qd8+ Kg7 35. Rh4 Qe8 36. Qd2 Re5 37. Qh6+ Kf6 38. Nc3 Nb4 39. Rf4+ Rf5 40. Ne4+ Bxe4 41. Rxe4 Qb8 42. Bg4 Rxf2+ 43. Kxf2 Nd3+ 44. Kg2 b2 45. Qh1 Nc1 46. Qf1+ Kg5 47. Qxf7 Qd6 48. c5 b1Q 49. Bf3 Qb2+ 50. Kh3 Qh8+ 51. Kg2 Qd2+ 52. Be2 Qxe2+ 53. Rxe2 Nxe2 54. Qe7+ Qf6 55. Qxe2 Qc6+ 56. Kh2 Qxc5 57. Qd2+ 1/2-1/2

[Event "Eupen"]
[Site "Eupen"]
[Date "2018.08.20"]
[Round "3"]
[White "Nagy, Gabor"]
[Black "De Strycker, Nathan"]
[Result "1-0"]
[WhiteElo "2468"]
[BlackElo "2251"]
[PlyCount "41"]
[EventDate "2018.08.18"]
[EventType "tourn"]
[EventRounds "9"]
[EventCountry "BEL"]
[EventCategory "4"]
[SourceTitle "CBM 186 Extra"]
[Source "ChessBase"]
[SourceDate "2018.08.24"]
[SourceVersion "1"]
[SourceVersionDate "2018.08.24"]
[SourceQuality "1"]

1. c4 Nf6 2. Nc3 e6 3. e4 d5 4. e5 d4 5. exf6 dxc3 6. bxc3 Qxf6 7. Nf3 b6 8. d4 Bb7 9. Bd3 Bd6 10. Bg5 Bxf3 11. Qd2 Bf4 12. Bxf4 Bxg2 13. Rg1 Bc6 14. Be5 Qf3 15. Be2 Qf5 16. Rg5 Qe4 17. 0-0-0 f6 18. Rxg7 Ba4 19. Bxf6 Qf5 20. Bh4 Nc6 21. Bg4 1-0

[Event "Badalona op 44th"]
[Site "Badalona"]
[Date "2018.08.03"]
[Round "3"]
[White "Fluvia Poyatos, Jordi"]
[Black "De Strycker, Nathan"]
[Result "1-0"]
[WhiteElo "2442"]
[BlackElo "2251"]
[PlyCount "95"]
[EventDate "2018.08.01"]
[EventType "swiss"]
[EventRounds "9"]
[EventCountry "ESP"]
[SourceTitle "CBM 185 Extra"]
[Source "ChessBase"]
[SourceDate "2018.07.29"]
[SourceVersion "1"]
[SourceVersionDate "2018.07.29"]
[SourceQuality "1"]

1. e4 e6 2. d4 d5 3. e5 c5 4. c3 Nc6 5. Nf3 Qb6 6. a3 Nh6 7. b4 cxd4 8. Bxh6 gxh6 9. cxd4 Bg7 10. Nc3 0-0 11. Rc1 f6 12. exf6 Rxf6 13. Be2 Rf7 14. Na4 Qd8 15. Nc5 Qd6 16. 0-0 b6 17. Nb3 Bd7 18. Bb5 a6 19. Bxc6 Bxc6 20. Ne5 Rc7 21. Qg4 Rac8 22. h4 Ba4 23. Rxc7 Rxc7 24. Nc1 Bc2 25. Ne2 Bf5 26. Qf4 Bxe5 27. dxe5 Qf8 28. Rc1 Rxc1+ 29. Qxc1 a5 30. Qc3 Qd8 31. Nd4 axb4 32. axb4 Qxh4 33. Qc8+ Kg7 34. Qd7+ Kf8 35. Qd6+ Qe7 36. Qxb6 Qg5 37. Nxe6+ Bxe6 38. Qxe6 Qc1+ 39. Kh2 Qf4+ 40. Kh3 d4 41. f3 h5 42. Qd6+ Ke8 43. Qc6+ Kf7 44. Qd7+ Kf8 45. e6 Qf5+ 46. Kh2 Qe5+ 47. g3 h4 48. Qf7# 1-0

[Event "BEL-chT 1718"]
[Site "Belgium"]
[Date "2018.03.11"]
[Round "8.4"]
[White "Tikranian, Alik"]
[Black "De Strycker, Nathan"]
[Result "1-0"]
[WhiteElo "2242"]
[BlackElo "2194"]
[PlyCount "69"]
[EventDate "2017.09.24"]
[EventType "team-tourn"]
[EventRounds "11"]
[EventCountry "BEL"]
[SourceTitle "EXT 2019"]
[Source "ChessBase"]
[SourceDate "2018.10.10"]
[SourceVersion "1"]
[SourceVersionDate "2018.10.10"]
[SourceQuality "1"]
[WhiteTeam "Brasschaat"]
[BlackTeam "TSM Schifflange"]
[WhiteTeamCountry "BEL"]
[BlackTeamCountry "BEL"]

1. e4 e6 2. d4 d5 3. Nd2 Be7 4. c3 c5 5. dxc5 Bxc5 6. Nb3 Bb6 7. exd5 exd5 8. Nf3 Nf6 9. Bd3 0-0 10. 0-0 Nc6 11. h3 Re8 12. Nbd4 Ne4 13. Re1 Bd7 14. Be3 Na5 15. Nd2 Rc8 16. Qh5 f5 17. Bxe4 dxe4 18. Rad1 Qf6 19. b4 Nc6 20. Nxc6 Bxe3 21. Rxe3 Bxc6 22. Nc4 g6 23. Qh6 Rcd8 24. Rxd8 Rxd8 25. Qf4 Rd1+ 26. Kh2 g5 27. Rg3 h6 28. h4 Kf7 29. hxg5 hxg5 30. Rxg5 Qh8+ 31. Kg3 Qxc3+ 32. Ne3 Bd7 33. Rxf5+ Bxf5 34. Qxf5+ Kg8 35. Qg4+ 1-0

[Event "BEL-chT 1718"]
[Site "Belgium"]
[Date "2017.11.19"]
[Round "4.4"]
[White "Dgebuadze, Alexandre"]
[Black "De Strycker, Nathan"]
[Result "1/2-1/2"]
[WhiteElo "2522"]
[BlackElo "2194"]
[PlyCount "85"]
[EventDate "2017.09.24"]
[EventType "team-tourn"]
[EventRounds "11"]
[EventCountry "BEL"]
[SourceTitle "EXT 2019"]
[Source "ChessBase"]
[SourceDate "2018.10.10"]
[SourceVersion "1"]
[SourceVersionDate "2018.10.10"]
[SourceQuality "1"]
[WhiteTeam "Wirtzfeld"]
[BlackTeam "TSM Schifflange"]
[WhiteTeamCountry "BEL"]
[BlackTeamCountry "BEL"]

1. e4 e6 2. d3 c5 3. Nf3 Nc6 4. g3 d5 5. Qe2 d4 6. Na3 e5 7. Nc4 f6 8. Nfd2 Be6 9. Bh3 Bxh3 10. Qh5+ g6 11. Qxh3 Qd7 12. Qxd7+ Kxd7 13. a4 Nb4 14. Kd1 Nh6 15. h3 Nf7 16. Nb3 b6 17. f4 Nd6 18. Nbd2 Ke6 19. Rf1 Be7 20. Nxd6 Bxd6 21. Nc4 Be7 22. Bd2 Nc6 23. Ke2 Rhf8 24. g4 f5 25. exf5+ gxf5 26. fxe5 fxg4 27. hxg4 Nxe5 28. Nxe5 Kxe5 29. Rh1 Rf7 30. Rh5+ Ke6 31. Rah1 Rg8 32. Rh6+ Kd7 33. Rxh7 Rxh7 34. Rxh7 Rxg4 35. Be1 Ke6 36. Rh6+ Kd7 37. Bf2 Rg7 38. c3 dxc3 39. bxc3 c4 40. Bd4 cxd3+ 41. Kxd3 Rg3+ 42. Kc2 Rg4 43. Rh7 1/2-1/2

[Event "BEL-chT 1718"]
[Site "Belgium"]
[Date "2017.10.22"]
[Round "3.2"]
[White "De Strycker, Nathan"]
[Black "Ferreira, Jorge Viterbo"]
[Result "1/2-1/2"]
[WhiteElo "2194"]
[BlackElo "2499"]
[PlyCount "40"]
[EventDate "2017.09.24"]
[EventType "team-tourn"]
[EventRounds "11"]
[EventCountry "BEL"]
[SourceTitle "EXT 2019"]
[Source "ChessBase"]
[SourceDate "2018.10.10"]
[SourceVersion "1"]
[SourceVersionDate "2018.10.10"]
[SourceQuality "1"]
[WhiteTeam "TSM Schifflange"]
[BlackTeam "Amay"]
[WhiteTeamCountry "BEL"]
[BlackTeamCountry "BEL"]

1. d4 Nf6 2. Nf3 d5 3. c4 e6 4. Qc2 c5 5. dxc5 Bxc5 6. cxd5 Qb6 7. e3 Nxd5 8. a3 Nc6 9. Bd2 Be7 10. Nc3 Bf6 11. Nxd5 exd5 12. Bc3 Bxc3+ 13. Qxc3 0-0 14. Rd1 Rd8 15. Be2 Bg4 16. Nd4 Bxe2 17. Nxe2 Rac8 18. 0-0 d4 19. exd4 Nxd4 20. Qe3 Nxe2+ 1/2-1/2

[Event "Pula op 31st"]
[Site "Pula"]
[Date "2017.09.14"]
[Round "7"]
[White "De Strycker, Nathan"]
[Black "Skuhala, Jernej"]
[Result "1/2-1/2"]
[WhiteElo "2194"]
[BlackElo "2336"]
[PlyCount "96"]
[EventDate "2017.09.09"]
[EventType "swiss"]
[EventRounds "9"]
[EventCountry "CRO"]
[SourceTitle "CBM 180 Extra"]
[Source "ChessBase"]
[SourceDate "2017.10.06"]
[SourceVersion "1"]
[SourceVersionDate "2017.10.06"]
[SourceQuality "1"]

1. Nf3 Nf6 2. c4 e6 3. Nc3 d5 4. e3 c5 5. cxd5 Nxd5 6. a3 Be7 7. Qc2 Nc6 8. b3 Bf6 9. Bb2 0-0 10. Bd3 g6 11. Ne4 Bxb2 12. Qxb2 b6 13. Bb5 Bb7 14. h4 f5 15. Neg5 Qf6 16. Qxf6 Rxf6 17. 0-0 h6 18. Nh3 Na5 19. Rab1 a6 20. Be2 Nc6 21. Rfc1 Kg7 22. Ne1 e5 23. Kf1 Rd6 24. Nd3 Kf6 25. Nb2 g5 26. d3 Na5 27. Na4 Bc6 28. b4 cxb4 29. axb4 Bxa4 30. bxa5 bxa5 31. Ra1 Bb5 32. Rxa5 g4 33. Ng1 Nb4 34. Rb1 Rc8 35. d4 exd4 36. Bxb5 axb5 37. exd4 Nd5 38. Raxb5 Nc3 39. Rb8 Nxb1 40. Rxc8 Nd2+ 41. Ke1 Nb3 42. Ne2 Nxd4 43. Nxd4 Rxd4 44. Rc6+ Kg7 45. g3 f4 46. Rc7+ Kf6 47. Rc6+ Kg7 48. Rc7+ Kg6 1/2-1/2

[Event "Pula op 31st"]
[Site "Pula"]
[Date "2017.09.12"]
[Round "4"]
[White "De Strycker, Nathan"]
[Black "Filipovic, Branko"]
[Result "1/2-1/2"]
[WhiteElo "2194"]
[BlackElo "2417"]
[PlyCount "60"]
[EventDate "2017.09.09"]
[EventType "swiss"]
[EventRounds "9"]
[EventCountry "CRO"]
[SourceTitle "CBM 180 Extra"]
[Source "ChessBase"]
[SourceDate "2017.10.06"]
[SourceVersion "1"]
[SourceVersionDate "2017.10.06"]
[SourceQuality "1"]

1. d4 a6 2. e4 e6 3. Nf3 d5 4. exd5 exd5 5. c4 Nf6 6. Nc3 Bb4 7. Be2 0-0 8. 0-0 dxc4 9. Bxc4 Nc6 10. h3 b5 11. Bb3 Bf5 12. Bg5 h6 13. Bxf6 Qxf6 14. Nd5 Qd6 15. Rc1 Na5 16. Nxb4 Qxb4 17. Rxc7 Rac8 18. Rxc8 Rxc8 19. Nh4 Bh7 20. Bd5 Rd8 21. Qf3 Qe7 22. Nf5 Bxf5 23. Qxf5 Qd7 24. Be4 Qxf5 25. Bxf5 g6 26. Bg4 Rxd4 27. Bc8 Rd6 28. Rc1 Rd2 29. b4 Nc4 30. Bxa6 Na3 1/2-1/2

[Event "Politiken Cup 37th"]
[Site "Helsingor"]
[Date "2015.07.31"]
[Round "8"]
[White "De Strycker, Nathan"]
[Black "Pedersen, Lars Foldager"]
[Result "1-0"]
[WhiteElo "2097"]
[BlackElo "1907"]
[PlyCount "49"]
[EventDate "2015.07.25"]
[EventType "swiss"]
[EventRounds "10"]
[EventCountry "DEN"]
[SourceTitle "CBM 167 Extra"]
[Source "ChessBase"]
[SourceDate "2015.09.14"]
[SourceVersion "1"]
[SourceVersionDate "2015.09.14"]
[SourceQuality "1"]

1. d4 d5 2. c4 e6 3. Nc3 f5 4. Nf3 c6 5. g3 Nf6 6. Bg2 Be7 7. 0-0 0-0 8. b3 Ne4 9. Bb2 Nd7 10. Ne1 Bg5 11. Nxe4 fxe4 12. Nc2 Bf6 13. f3 dxc4 14. fxe4 cxb3 15. axb3 Qb6 16. Qd3 Rd8 17. e3 e5 18. Qc4+ Kh8 19. Bc3 c5 20. Ba5 Qd6 21. Bxd8 Bxd8 22. dxc5 Nxc5 23. Rad1 Qe7 24. Qxc5 Qxc5 25. Rxd8+ 1-0

[Event "Politiken Cup 37th"]
[Site "Helsingor"]
[Date "2015.07.28"]
[Round "5"]
[White "Solberg, Joachim Krokvik"]
[Black "De Strycker, Nathan"]
[Result "1/2-1/2"]
[WhiteElo "2270"]
[BlackElo "2097"]
[PlyCount "29"]
[EventDate "2015.07.25"]
[EventType "swiss"]
[EventRounds "10"]
[EventCountry "DEN"]
[SourceTitle "CBM 167 Extra"]
[Source "ChessBase"]
[SourceDate "2015.09.14"]
[SourceVersion "1"]
[SourceVersionDate "2015.09.14"]
[SourceQuality "1"]

1. e4 e6 2. d4 d5 3. Nc3 Bb4 4. Qd3 dxe4 5. Qxe4 Nf6 6. Qh4 c5 7. dxc5 Bxc5 8. Bd3 Nc6 9. Bg5 Be7 10. 0-0-0 h6 11. Nf3 Qa5 12. Bd2 0-0 13. Qa4 Qxa4 14. Nxa4 Nb4 15. Bc4 1/2-1/2

[Event "Politiken Cup 37th"]
[Site "Helsingor"]
[Date "2015.07.26"]
[Round "2"]
[White "De Strycker, Nathan"]
[Black "Delorme, Axel"]
[Result "0-1"]
[WhiteElo "2097"]
[BlackElo "2484"]
[PlyCount "86"]
[EventDate "2015.07.25"]
[EventType "swiss"]
[EventRounds "10"]
[EventCountry "DEN"]
[SourceTitle "CBM 167 Extra"]
[Source "ChessBase"]
[SourceDate "2015.09.14"]
[SourceVersion "1"]
[SourceVersionDate "2015.09.14"]
[SourceQuality "1"]

1. d4 e6 2. e4 d5 3. exd5 exd5 4. Bd3 c5 5. Nf3 c4 6. Be2 Bd6 7. b3 cxb3 8. axb3 Ne7 9. 0-0 0-0 10. c4 Nbc6 11. Nc3 Bg4 12. Bg5 f6 13. Be3 Kh8 14. h3 Bh5 15. Qb1 Rc8 16. Nxd5 Nxd5 17. cxd5 Nb4 18. Ng5 Bg6 19. Ne6 Qb6 20. Qd1 Rfe8 21. Bc4 Bb8 22. Qg4 Nc2 23. Rac1 Nxe3 24. fxe3 Qd6 25. Bd3 Rxc1 26. Rxc1 Qxd5 27. Bxg6 hxg6 28. Nf4 Bxf4 29. Qxf4 Qxb3 30. e4 Qb2 31. Rd1 Qe2 32. Qh4+ Kg8 33. Re1 Qd3 34. d5 a5 35. Qg4 Qd2 36. Kf1 Qd3+ 37. Kg1 Kf7 38. h4 f5 39. Qf4 Qd4+ 40. Kh1 Kg8 41. Qg3 Qd2 42. Rb1 Rxe4 43. Rxb7 Qd4 0-1

[Event "BEL-ch U20 Elite "]
[Site "Blankenberge"]
[Date "2015.04.16"]
[Round "7"]
[White "De Strycker, Nathan"]
[Black "Real, Thibault"]
[Result "1-0"]
[WhiteElo "2103"]
[BlackElo "2000"]
[PlyCount "61"]
[EventDate "2015.04.12"]
[EventType "tourn"]
[EventRounds "9"]
[EventCountry "BEL"]
[SourceTitle "CBM 166 Extra"]
[Source "ChessBase"]
[SourceDate "2015.06.18"]
[SourceVersion "1"]
[SourceVersionDate "2015.06.18"]
[SourceQuality "1"]

1. Nf3 Nf6 2. g3 c5 3. Bg2 Nc6 4. 0-0 g6 5. c3 Bg7 6. d3 0-0 7. e4 d5 8. Nbd2 d4 9. c4 Qd6 10. Ne1 e5 11. Nc2 Nd7 12. a3 a6 13. b4 b5 14. Rb1 Nb6 15. Nb3 Nxc4 16. dxc4 bxc4 17. bxc5 Qe7 18. Nba1 Qxc5 19. a4 Qa5 20. Ba3 Rd8 21. Nb4 Bd7 22. Qc2 c3 23. Nd5 Na7 24. Rb4 Bf8 25. Nb3 Bxa4 26. Qc1 Bxb3 27. Rxb3 Qa4 28. Bxf8 Rxf8 29. Qh6 f6 30. Rb7 Rf7 31. Nxf6+ 1-0

[Event "BEL-ch U20 Elite "]
[Site "Blankenberge"]
[Date "2015.04.13"]
[Round "3"]
[White "Boucquet, Emile"]
[Black "De Strycker, Nathan"]
[Result "1-0"]
[WhiteElo "2134"]
[BlackElo "2103"]
[PlyCount "75"]
[EventDate "2015.04.12"]
[EventType "tourn"]
[EventRounds "9"]
[EventCountry "BEL"]
[SourceTitle "CBM 166 Extra"]
[Source "ChessBase"]
[SourceDate "2015.06.18"]
[SourceVersion "1"]
[SourceVersionDate "2015.06.18"]
[SourceQuality "1"]

1. d4 Nf6 2. c4 g6 3. Nc3 Bg7 4. e4 d6 5. f3 0-0 6. Be3 Nc6 7. Nge2 a6 8. Qd2 Na5 9. Nc1 Nd7 10. Nb3 Nxb3 11. axb3 c5 12. d5 Rb8 13. Be2 Ne5 14. 0-0 f5 15. exf5 gxf5 16. Rfe1 Ng6 17. Bd3 f4 18. Bf2 Bf5 19. Ne4 Qe8 20. Nxd6 exd6 21. Rxe8 Rbxe8 22. Bxf5 Rxf5 23. Re1 Rfe5 24. Rxe5 Bxe5 25. b4 b6 26. bxc5 bxc5 27. Qc2 Rb8 28. b3 Rb7 29. g4 Bf6 30. Qf5 Kg7 31. g5 Be5 32. h4 Rxb3 33. h5 Nf8 34. Bxc5 Kg8 35. h6 a5 36. Kg2 Rb7 37. Ba3 a4 38. c5 1-0

[Event "BEL-chT 1415"]
[Site "Belgium"]
[Date "2014.11.16"]
[Round "4.4"]
[White "De Strycker, Nathan"]
[Black "Van der Stricht, Geert"]
[Result "1-0"]
[WhiteElo "2133"]
[BlackElo "2379"]
[PlyCount "57"]
[EventDate "2014.09.28"]
[EventType "team-swiss"]
[EventRounds "11"]
[EventCountry "BEL"]
[SourceTitle "EXT 2015"]
[Source "ChessBase"]
[SourceDate "2014.11.20"]
[SourceVersion "1"]
[SourceVersionDate "2014.11.20"]
[SourceQuality "1"]
[WhiteTeam "Temse"]
[BlackTeam "KGSRL"]
[WhiteTeamCountry "BEL"]
[BlackTeamCountry "BEL"]

1. d4 Nf6 2. Nf3 e6 3. g3 c5 4. Bg2 Nc6 5. 0-0 Qb6 6. e3 d5 7. b3 Bd7 8. c4 dxc4 9. bxc4 Rd8 10. Nc3 cxd4 11. exd4 Qa5 12. Qb3 Bb4 13. Bb2 0-0 14. a3 Bxc3 15. Bxc3 Qa6 16. Ne5 Bc8 17. Nxc6 bxc6 18. Rfe1 Bd7 19. Rab1 h6 20. Bf1 c5 21. dxc5 Bc6 22. Qb2 Ne4 23. Bxg7 Rd2 24. Qa1 Ng5 25. Re3 Ba8 26. Bxf8 e5 27. Qxe5 f6 28. Qe8 Bc6 29. Qg6+ 1-0

[Event "BEL-chT 1415"]
[Site "Belgium"]
[Date "2014.10.19"]
[Round "2.4"]
[White "Claesen, Pieter"]
[Black "De Strycker, Nathan"]
[Result "1-0"]
[WhiteElo "2327"]
[BlackElo "2133"]
[PlyCount "43"]
[EventDate "2014.09.28"]
[EventType "team-swiss"]
[EventRounds "11"]
[EventCountry "BEL"]
[SourceTitle "EXT 2015"]
[Source "ChessBase"]
[SourceDate "2014.11.20"]
[SourceVersion "1"]
[SourceVersionDate "2014.11.20"]
[SourceQuality "1"]
[WhiteTeam "Fontaine"]
[BlackTeam "Temse"]
[WhiteTeamCountry "BEL"]
[BlackTeamCountry "BEL"]

1. d4 Nf6 2. Bg5 g6 3. Bxf6 exf6 4. c4 Bg7 5. Nc3 f5 6. e3 0-0 7. g3 d6 8. Bg2 c6 9. Nge2 Nd7 10. 0-0 Re8 11. b4 Nf6 12. b5 Ne4 13. Qd3 d5 14. bxc6 bxc6 15. cxd5 cxd5 16. Rfc1 Rb8 17. Nf4 Bb7 18. Rab1 Bh6 19. Nfxd5 Bxd5 20. Rxb8 Qxb8 21. Nxd5 Rd8 22. Bxe4 1-0

[Event "Wch U18"]
[Site "Durban"]
[Date "2014.09.23"]
[Round "5"]
[White "De Strycker, Nathan"]
[Black "Lobersli, Henrik Oie"]
[Result "1-0"]
[WhiteElo "2133"]
[BlackElo "1950"]
[PlyCount "109"]
[EventDate "2014.09.20"]
[EventType "swiss"]
[EventRounds "11"]
[EventCountry "RSA"]
[SourceTitle "CBM 162 Extra"]
[Source "ChessBase"]
[SourceDate "2014.10.17"]
[SourceVersion "1"]
[SourceVersionDate "2014.10.17"]
[SourceQuality "1"]

1. Nf3 d5 2. d4 Nf6 3. c4 e6 4. Nc3 Bb4 5. e3 0-0 6. Bd3 c5 7. 0-0 Nc6 8. cxd5 exd5 9. dxc5 Bxc5 10. h3 Re8 11. a3 Ne5 12. Nxe5 Rxe5 13. b4 Bb6 14. Na4 Bc7 15. Bb2 Re8 16. Bd4 Qd6 17. f4 Ne4 18. Qh5 Qg6 19. Qxg6 hxg6 20. Rac1 Bd6 21. Bb5 Re7 22. Bxa7 Bxh3 23. gxh3 Rxa7 24. Nb6 Rc7 25. Rxc7 Bxc7 26. Nxd5 Bd6 27. a4 Nf6 28. Rd1 Nxd5 29. Rxd5 Bxb4 30. Rd8+ Kh7 31. Rd7 f5 32. Kf2 Ra8 33. Rxb7 Rc8 34. Bd3 Ba5 35. Rb5 Ra8 36. Kf3 Ra7 37. e4 fxe4+ 38. Bxe4 Bc3 39. Rh5+ Kg8 40. Rc5 Bd4 41. Rc4 Bf6 42. Bxg6 Kf8 43. Re4 Be7 44. h4 Ra5 45. h5 Ra6 46. Ke2 Ra8 47. Kd3 Rd8+ 48. Kc4 Rd6 49. a5 Rd2 50. a6 Ra2 51. Kb5 Rb2+ 52. Kc6 Rc2+ 53. Kb7 Rb2+ 54. Ka8 Ra2 55. Re6 1-0